| 000 | 00945nas a2200313 4500 | ||
|---|---|---|---|
| 001 | BR0603649 | ||
| 003 | BR-BrBNA | ||
| 005 | 20231205110242.0 | ||
| 007 | ta | ||
| 008 | 230509b bl.|||p| |||| 00| 00por d | ||
| 040 |
_aBR-BrBNA _bpor _cBiblioteca Nacional de Agricultura |
||
| 041 | _a(Pt) | ||
| 072 | _aF60 | ||
| 100 | 1 | _aGomide, R.L. | |
| 100 | 1 | _aDurães, F.O.M. | |
| 100 | 1 | _aKobayashi, M.K. | |
| 100 | 1 | _aMachado, R.A.F. | |
| 245 | 1 | _aCaracterização de estresse hídrico de duas linhagens de miho (Zea mays L.)com sondas de fluxo de seiva | |
| 650 | _aMILHO | ||
| 650 | _aLINHAGEM | ||
| 650 | _aDEFICIÊNCIA HÍDRICA | ||
| 650 | _aSTRESS | ||
| 650 | _aTRANSPIRAÇÃO VEGETAL | ||
| 650 | _aCAULE | ||
| 650 | _aTEMPERATURA | ||
| 773 | 0 |
_tRevista Brasileira de Milho e Sorgo (Brazil) _xISSN 1676-689X _g(Sep-Dec 2005), v. 4(3) p. 344-354 _wBR0603649 |
|
| 909 |
_a202311 _bLúcia _c55 _dLúcia Elande |
||
| 942 |
_2AGRIS _n0 _cANA |
||
| 999 |
_c186694 _d186694 |
||